Evaluación de la alteración del régimen hídrico y disminución de sedimentos en el cauce y estuario del Río Térraba
Kaydedildi:
| Yazar: | |
|---|---|
| Materyal Türü: | Kitap |
| Baskı/Yayın Bilgisi: |
San José, C.R
2003
|
| Konular: | |
| Etiketler: |
Etiketle
Etiket eklenmemiş, İlk siz ekleyin!
|
MARC
| LEADER | 00000nam a2200000Ia 4500 | ||
|---|---|---|---|
| 003 | 009013 | ||
| 005 | 20221231144151.0 | ||
| 008 | 140114s2003 cr a m 000 ||s d | ||
| 040 | |c cru CEDI | ||
| 090 | |a TFG 4574 | ||
| 100 | |a Calderón Arguedas, Henry |9 7207 | ||
| 245 | |a Evaluación de la alteración del régimen hídrico y disminución de sedimentos en el cauce y estuario del Río Térraba | ||
| 260 | |c 2003 |a San José, C.R | ||
| 300 | |a 164 [25] hojas : ilustraciones a color | ||
| 500 | |a Proyecto de graduación (licenciatura en Ingeniería Civil)--Universidad de Costa Rica. Facultad de Ingeniería. Escuela de Ingeniería Civil | ||
| 650 | |x INSTITUTO COSTARRICENSE DE ELECTRICIDAD. PROYECTO HIDROELECTRICO DE BORUCA |x RIO GRANDE DE TERRABA (COSTA RICA) |x SIERPE (OSA, PUNTARENAS, COSTA RICA) |x SEDIMENTOS DE RIO |x CORRIENTES DE AGUA - MEDICIONES |x CAUCE DE LOS RIOS |x HUMEDALES |x CUENCAS HIDROGRAFICAS |x EVALUACION DEL IMPACTO AMBIENTAL |9 7208 | ||
| 942 | |c TFG | ||
| 999 | |c 17870 |d 17870 | ||
